| 000 | 00755nam a2200241 i 4500 | ||
|---|---|---|---|
| 001 | bgj | ||
| 245 | 1 | 0 |
_aInternationales Archiv für Sozialgeschichte der deutschen Literatur. _chrsg. von Wolfgang Frühwald, Georg Jäger, Albert Martino. _n13/1988 / |
| 246 | 1 | _aStrawberyy Hill. Horace Walpole und die Ästhetik der schönen Unregelmäßigkeit. | |
| 260 |
_a[Tübingen] : _bNiemeyer, _c1988. |
||
| 300 |
_aS. [229]-236 ; _c23 cm. |
||
| 505 | _aSonderdruck | ||
| 650 | 9 | _aLiteratura | |
| 700 | 1 | _aFRÜHWALD, Wolfgang. | |
| 700 | 1 | _aJÄGER, Georg. | |
| 700 | 1 | _aMARTINO, Albert. | |
| 700 | 1 | _aMILLER, Norbert. | |
| 040 | _cBPK | ||
| 041 | 0 | _ager | |
| 044 | _aDEU | ||
| 080 | _a82 | ||
| 942 | _cKS | ||
| 008 | s gw f |000 0 ger | ||
| 999 |
_c49964 _d49964 |
||
| 856 |
_uhttp://koha.tu.koszalin.pl/cgi-bin/koha/opac-detail.pl?biblionumber=49964 _yKatalog online BPK |
||